000 00462nam a2200169Ia 4500
003 OSt
005 20201224122628.0
008 190216s9999||||xx |||||||||||||| ||und||
040 _coclc
082 _a910
_bPOT/L
100 _aPottekkat, S K
_92068
245 0 _aLondon Note Book /
_cS K Pottekat
260 _bPk Brothers,
_aCalicut:
_c1985.
300 _a105p
650 _aYathravivaranam
942 _cBK
_2ddc
_h910
_iPOT/L
_k910
_mPOT/L
999 _c25655
_d25655